| 000 | 07918 a2200577 4500 | ||
|---|---|---|---|
| 008 | 090324t xxu||||| |||| 00| 0 eng d | ||
| 010 | _aB-295025-055 | ||
| 020 |
_a9780143061946 _c160.00 |
||
| 035 | _aB-295025-055 | ||
| 037 | _bयू बी एच | ||
| 040 |
_adpl _bHN |
||
| 082 | _aक | ||
| 100 | _aजोशी, हिमांशु | ||
| 245 |
_aअगला यथार्थ / _cहिमांशु जोशी |
||
| 260 |
_aनई दिल्ली _bपेंगुइन बुक्स _c2006 |
||
| 270 |
_a11 कम्युनिटी सेंटर, पंचशील मार्ग, _bनई दिल्ली _cदिल्ली _e110017 |
||
| 300 |
_a258पृ. _c20सेमी (अजिल्द) |
||
| 942 |
_adpl _cHN _2ddc _hक _mजोशीहि |
||
| 999 |
_c12580 _d12580 |
||